| 000 | 00407nam a22001697a 4500 | ||
|---|---|---|---|
| 005 | 20180813114759.0 | ||
| 008 | 160614b xxu||||| |||| 00| 0 eng d | ||
| 020 | _a0-07-043433-6 | ||
| 041 | _aeng | ||
| 082 |
_b7526 _a658.8 |
||
| 100 |
_aPAREEK, UDAI _94779 |
||
| 245 | _aTraining Instruments in HRD and O.D. | ||
| 260 |
_bTMH _c2003 _aDELHI |
||
| 300 | _a815p, | ||
| 650 |
_aManagement _9241 |
||
| 942 | _cBK | ||
| 999 |
_c2689 _d2688 |
||